[Event "Sao Sebastiao do Paraiso op 4th"]
[Site "Sao Sebastiao do Paraiso"]
[Date "2016.12.18"]
[Round "5"]
[White "Da Rocha, Eugenio Gabriel"]
[Black "De Oliveira, Oseas Alves"]
[Result "0-1"]
[WhiteElo "1618"]
[BlackElo "1840"]
[PlyCount "64"]
[EventDate "2016.12.17"]
[EventType "swiss"]
[EventRounds "5"]
[EventCountry "BRA"]
[SourceTitle "CBM 176 Extra"]
[Source "ChessBase"]
[SourceDate "2017.03.02"]
[SourceVersion "1"]
[SourceVersionDate "2017.03.02"]
[SourceQuality "1"]

1. d4 Nf6 2. c4 e6 3. Nc3 Bb4 4. Bg5 h6 5. Bh4 c5 6. d5 g5 7. Bg3 Ne4 8. Qc2 Qf6 9. Rc1 Bxc3+ 10. bxc3 Nxg3 11. hxg3 0-0 12. e4 d6 13. Bd3 Nd7 14. Qe2 b6 15. Qh5 Ne5 16. Bc2 Kg7 17. Qe2 Ba6 18. Bb3 exd5 19. Nf3 dxe4 20. Nxe5 Qxe5 21. Rh5 Qf6 22. Qe3 Qg6 23. g4 f5 24. Kd2 f4 25. Qh3 e3+ 26. fxe3 fxe3+ 27. Qxe3 Rae8 28. Bc2 Qf6 29. Rf1 Qxf1 30. Rxg5+ Kh8 31. Rg8+ Kxg8 32. Qxh6 Qf4+ 0-1

[Event "Sao Sebastiao do Paraiso op 4th"]
[Site "Sao Sebastiao do Paraiso"]
[Date "2016.12.18"]
[Round "4"]
[White "De Oliveira, Oseas Alves"]
[Black "Barreto, Michael Fernando Al"]
[Result "1-0"]
[WhiteElo "1840"]
[BlackElo "1823"]
[PlyCount "99"]
[EventDate "2016.12.17"]
[EventType "swiss"]
[EventRounds "5"]
[EventCountry "BRA"]
[SourceTitle "CBM 176 Extra"]
[Source "ChessBase"]
[SourceDate "2017.03.02"]
[SourceVersion "1"]
[SourceVersionDate "2017.03.02"]
[SourceQuality "1"]

1. d4 d5 2. c4 e6 3. Nc3 Bb4 4. e3 Nf6 5. Bd3 dxc4 6. Bxc4 Ne4 7. Nge2 0-0 8. 0-0 Nxc3 9. bxc3 Bd6 10. Qc2 Nd7 11. Bd3 g6 12. f4 b6 13. Be4 Rb8 14. Qa4 a5 15. Bc6 f5 16. Ba3 Bxa3 17. Qxa3 Bb7 18. Qb3 Qe7 19. Bxb7 Rxb7 20. Ng3 Nf6 21. e4 c6 22. exf5 gxf5 23. Nxf5 Qd7 24. Ne3 Ne4 25. Qc2 Nf6 26. Rf3 Rf7 27. Rg3+ Rg7 28. Rxg7+ Qxg7 29. Rf1 Ng4 30. Qe4 Nxe3 31. Qxe6+ Qf7 32. Qxe3 Qxa2 33. Qe8+ Kg7 34. f5 Rf7 35. Qxc6 Rf6 36. Qc7+ Qf7 37. Qe5 Qd7 38. g4 h6 39. h4 Kf7 40. g5 hxg5 41. hxg5 Rc6 42. d5 Rd6 43. g6+ Kg8 44. c4 Rxg6+ 45. fxg6 Qg4+ 46. Kf2 Qh4+ 47. Ke3 Qh3+ 48. Rf3 Qh6+ 49. Qf4 Qg7 50. Qb8+ 1-0

[Event "Sao Sebastiao do Paraiso op 4th"]
[Site "Sao Sebastiao do Paraiso"]
[Date "2016.12.17"]
[Round "2"]
[White "De Oliveira, Oseas Alves"]
[Black "Paschoa, Brenno David Pereir"]
[Result "1-0"]
[WhiteElo "1840"]
[BlackElo "1324"]
[PlyCount "65"]
[EventDate "2016.12.17"]
[EventType "swiss"]
[EventRounds "5"]
[EventCountry "BRA"]
[SourceTitle "CBM 176 Extra"]
[Source "ChessBase"]
[SourceDate "2017.03.02"]
[SourceVersion "1"]
[SourceVersionDate "2017.03.02"]
[SourceQuality "1"]

1. d4 d5 2. c4 c6 3. Nc3 Nf6 4. Nf3 e6 5. Bf4 Be7 6. e3 0-0 7. Rc1 Nbd7 8. Qc2 Nb6 9. c5 Nc4 10. b3 Na3 11. Qb2 Nb5 12. Bxb5 cxb5 13. Nxb5 Qa5+ 14. Nc3 Ne4 15. b4 Qa6 16. Nxe4 dxe4 17. Nd2 f5 18. b5 Qa5 19. 0-0 Bd7 20. Rb1 a6 21. b6 Bb5 22. Nb3 Qa4 23. Rfe1 Bc4 24. Be5 Qd7 25. Na5 Bb5 26. Qb4 Rac8 27. Bc7 Rf6 28. Nxb7 Rh6 29. Na5 Qe8 30. Bf4 Rh4 31. b7 Rb8 32. Bxb8 Qxb8 33. g3 1-0

[Event "Guaira op 2nd"]
[Site "Guaira"]
[Date "2016.11.05"]
[Round "2"]
[White "Blanco Silva, Liara"]
[Black "De Oliveira, Oseas Alves"]
[Result "0-1"]
[WhiteElo "1800"]
[BlackElo "1858"]
[PlyCount "86"]
[EventDate "2016.11.04"]
[EventType "swiss"]
[EventRounds "6"]
[EventCountry "BRA"]
[SourceTitle "CBM 175 Extra"]
[Source "ChessBase"]
[SourceDate "2016.12.12"]
[SourceVersion "1"]
[SourceVersionDate "2016.12.12"]
[SourceQuality "1"]

1. e4 c5 2. Nf3 g6 3. c3 Bg7 4. d4 cxd4 5. cxd4 d5 6. Bb5+ Bd7 7. Bxd7+ Nxd7 8. exd5 Ngf6 9. Nc3 0-0 10. 0-0 Nb6 11. Qb3 Nbxd5 12. Nxd5 Qxd5 13. Qxd5 Nxd5 14. Rd1 Rac8 15. Be3 Rc7 16. Rab1 Rfc8 17. Rbc1 Nxe3 18. fxe3 Rxc1 19. Rxc1 Rxc1+ 20. Kf2 Rc2+ 21. Kg3 Rxb2 22. a3 Rb3 23. Kf2 Rxa3 24. d5 f5 25. Nd2 Ra2 26. Ke2 Bc3 27. Kd3 Bxd2 28. Kc4 Bxe3 29. Kd3 Bg1 30. h3 b5 31. Kc3 Bd4+ 32. Kxd4 Rc2 33. Kd3 Rc8 34. Kd4 b4 35. Ke5 Kf7 36. g4 fxg4 37. hxg4 b3 38. d6 Rc5+ 39. Kd4 exd6 40. Kd3 b2 41. Kd4 b1Q 42. Ke3 Rc3+ 43. Kd4 Qd3# 0-1

[Event "Guaira op 2nd"]
[Site "Guaira"]
[Date "2016.11.04"]
[Round "1"]
[White "De Oliveira, Oseas Alves"]
[Black "Nunes da Silva, Diego"]
[Result "0-1"]
[WhiteElo "1858"]
[BlackElo "1598"]
[PlyCount "86"]
[EventDate "2016.11.04"]
[EventType "swiss"]
[EventRounds "6"]
[EventCountry "BRA"]
[SourceTitle "CBM 175 Extra"]
[Source "ChessBase"]
[SourceDate "2016.12.12"]
[SourceVersion "1"]
[SourceVersionDate "2016.12.12"]
[SourceQuality "1"]

1. d4 e6 2. Nf3 d5 3. g3 c5 4. Bg2 cxd4 5. Nxd4 Nf6 6. 0-0 Nc6 7. Nxc6 bxc6 8. c4 Bc5 9. Nc3 Ba6 10. Na4 Bb6 11. Qc2 Bxc4 12. Rd1 Qc7 13. b3 Bb5 14. Nc3 Ba6 15. Ba3 Ng4 16. Rf1 Qe5 17. Ne4 Bb5 18. Nc5 Qxe2 19. Qc3 Qe5 20. Rfc1 Qxc3 21. Rxc3 Rc8 22. h3 Nf6 23. Nb7 Bd4 24. Nd6+ Kd7 25. Nxb5 cxb5 26. Rxc8 Rxc8 27. Rd1 Bc5 28. Bb2 Bxf2+ 29. Kh2 Rc2 30. Be5 Rxa2 31. Rc1 Bb6 32. g4 h6 33. Kg3 Ra3 34. Rc3 b4 35. Rd3 Bc7 36. Kf4 a5 37. Bxc7 Kxc7 38. Bf3 a4 39. Bd1 Kd6 40. Re3 axb3 41. Bxb3 g5+ 42. Kg3 Ne4+ 43. Kh2 Nd2 0-1

[Event "Sao Sebastiao do Paraiso Ferias CXSSP I"]
[Site "Sao Sebastiao do Paraiso"]
[Date "2016.07.24"]
[Round "5.7"]
[White "De Oliveira, Oseas Alves"]
[Black "Baldim, Daniel"]
[Result "1/2-1/2"]
[WhiteElo "1819"]
[BlackElo "2002"]
[PlyCount "75"]
[EventDate "2016.07.22"]
[EventType "swiss"]
[EventRounds "6"]
[EventCountry "BRA"]
[SourceTitle "EXT 2022"]
[Source "ChessBase"]
[SourceDate "2021.10.06"]
[SourceVersion "1"]
[SourceVersionDate "2021.10.06"]
[SourceQuality "1"]

1. d4 Nf6 2. Bf4 g6 3. Nf3 c5 4. e3 Bg7 5. Bd3 Nc6 6. c3 Nd5 7. Bg3 cxd4 8. exd4 0-0 9. 0-0 Qb6 10. Qb3 Qxb3 11. axb3 d6 12. Re1 Bg4 13. Nbd2 Rfe8 14. b4 a6 15. b5 axb5 16. Bxb5 Rxa1 17. Rxa1 Rc8 18. h3 Bf5 19. Nh4 Bd7 20. c4 Nf6 21. Nhf3 Bf5 22. Re1 Kf8 23. Bh4 Ra8 24. g4 Bc8 25. Ne4 Ra2 26. Nxf6 Bxf6 27. Bxf6 exf6 28. d5 Ne5 29. Nxe5 fxe5 30. Re2 f6 31. Kh2 b6 32. Kg3 g5 33. h4 h6 34. hxg5 fxg5 35. Rc2 Kf7 36. f3 Kf6 37. Rh2 Kg7 38. Rc2 1/2-1/2

[Event "Sao Sebastiao do Paraiso Ferias CXSSP I"]
[Site "Sao Sebastiao do Paraiso"]
[Date "2016.07.22"]
[Round "1.12"]
[White "De Oliveira, Oseas Alves"]
[Black "Miazaki, Kevin Yuri"]
[Result "1-0"]
[WhiteElo "1819"]
[BlackElo "1785"]
[PlyCount "31"]
[EventDate "2016.07.22"]
[EventType "swiss"]
[EventRounds "6"]
[EventCountry "BRA"]
[SourceTitle "EXT 2022"]
[Source "ChessBase"]
[SourceDate "2021.10.06"]
[SourceVersion "1"]
[SourceVersionDate "2021.10.06"]
[SourceQuality "1"]

1. d4 d5 2. c4 Nf6 3. Nc3 e6 4. Nf3 Nc6 5. Bf4 h6 6. e3 g5 7. Be5 Nxe5 8. dxe5 Ne4 9. Qb3 Nxc3 10. bxc3 Bc5 11. Qb5+ Bd7 12. Qxc5 c6 13. Bd3 Qc7 14. cxd5 exd5 15. Qd4 0-0-0 16. Qxa7 1-0

[Event "Sao Paulo Freitas op 2nd"]
[Site "Sao Paulo"]
[Date "2016.04.17"]
[Round "5"]
[White "Brienza, Amalio Coelho"]
[Black "De Oliveira, Oseas Alves"]
[Result "1/2-1/2"]
[WhiteElo "1920"]
[BlackElo "1701"]
[PlyCount "50"]
[EventDate "2016.04.15"]
[EventType "swiss"]
[EventRounds "6"]
[EventCountry "BRA"]
[SourceTitle "CBM 171 Extra"]
[Source "ChessBase"]
[SourceDate "2016.04.26"]
[SourceVersion "1"]
[SourceVersionDate "2016.04.26"]
[SourceQuality "1"]

1. d4 Nf6 2. c4 g6 3. Nc3 Bg7 4. e4 d6 5. f3 0-0 6. Be3 Nbd7 7. Nge2 c5 8. d5 Ne5 9. b3 a6 10. h3 b5 11. f4 Ned7 12. Rc1 b4 13. Na4 Nxe4 14. Qd3 f5 15. g4 Ndf6 16. Bg2 Bd7 17. g5 Nh5 18. Bf3 Nhg3 19. Nxg3 Nxg3 20. Rg1 Ne4 21. h4 Bxa4 22. bxa4 Qa5 23. Bxe4 fxe4 24. Qb3 Bd4 25. Ke2 Rf7 1/2-1/2

[Event "Sao Paulo Freitas op 2nd"]
[Site "Sao Paulo"]
[Date "2016.04.15"]
[Round "2"]
[White "De Oliveira, Oseas Alves"]
[Black "Batezelli, Alessandro"]
[Result "1/2-1/2"]
[WhiteElo "1701"]
[BlackElo "1927"]
[PlyCount "57"]
[EventDate "2016.04.15"]
[EventType "swiss"]
[EventRounds "6"]
[EventCountry "BRA"]
[SourceTitle "CBM 171 Extra"]
[Source "ChessBase"]
[SourceDate "2016.04.26"]
[SourceVersion "1"]
[SourceVersionDate "2016.04.26"]
[SourceQuality "1"]

1. d4 d5 2. c4 c6 3. Nc3 Nf6 4. Bg5 e6 5. e3 Be7 6. Nf3 0-0 7. Qc2 Nbd7 8. Rc1 h6 9. Bf4 Nh5 10. Be5 Nxe5 11. dxe5 g6 12. g4 Ng7 13. Bd3 b6 14. h4 dxc4 15. Bxc4 Bb7 16. Bd3 Rc8 17. Rd1 Qc7 18. g5 h5 19. Ke2 Rcd8 20. Ne4 c5 21. Nf6+ Bxf6 22. exf6 Nf5 23. Be4 Ba6+ 24. Ke1 Rxd1+ 25. Kxd1 Rd8+ 26. Kc1 Qd6 27. Bxf5 exf5 28. Rd1 Bd3 29. Qc3 1/2-1/2

[Event "Batatais 1st"]
[Site "Batatais"]
[Date "2015.11.02"]
[Round "9.2"]
[White "De Oliveira, Oseas Alves"]
[Black "Da Rocha, Eugenio Gabriel"]
[Result "1/2-1/2"]
[WhiteElo "1484"]
[BlackElo "1616"]
[PlyCount "71"]
[EventDate "2015.10.31"]
[EventType "tourn"]
[EventRounds "9"]
[EventCountry "BRA"]
[SourceTitle "EXT 2022"]
[Source "ChessBase"]
[SourceDate "2021.10.06"]
[SourceVersion "1"]
[SourceVersionDate "2021.10.06"]
[SourceQuality "1"]

1. d4 Nf6 2. c4 e5 3. Nf3 exd4 4. Nxd4 Bc5 5. Nb3 Bb4+ 6. Bd2 Qe7 7. Nc3 Nc6 8. e3 d6 9. a3 Bxc3 10. Bxc3 Ne5 11. Nd4 Ne4 12. Rc1 Qf6 13. Nf3 Nxc3 14. Rxc3 Bg4 15. Be2 Nxf3+ 16. Bxf3 Bxf3 17. Qxf3 Qxf3 18. gxf3 0-0-0 19. Rg1 g6 20. Ke2 Rhe8 21. Rd3 Re5 22. Rd5 Rde8 23. Rgd1 f5 24. Rxe5 Rxe5 25. Rd5 Kd7 26. Rxe5 dxe5 27. Kd3 Kd6 28. Kc3 g5 29. h3 h5 30. e4 g4 31. fxg4 fxg4 32. h4 Kc6 33. b4 a6 34. a4 b6 35. Kb3 a5 36. Kc3 1/2-1/2

[Event "Batatais 1st"]
[Site "Batatais"]
[Date "2015.11.02"]
[Round "7.3"]
[White "De Oliveira, Oseas Alves"]
[Black "Winfridsson, Ola"]
[Result "0-1"]
[WhiteElo "1484"]
[BlackElo "2072"]
[PlyCount "138"]
[EventDate "2015.10.31"]
[EventType "tourn"]
[EventRounds "9"]
[EventCountry "BRA"]
[SourceTitle "EXT 2022"]
[Source "ChessBase"]
[SourceDate "2021.10.06"]
[SourceVersion "1"]
[SourceVersionDate "2021.10.06"]
[SourceQuality "1"]

1. d4 d5 2. c4 e6 3. Nc3 Be7 4. Nf3 Nf6 5. Bg5 h6 6. Bh4 0-0 7. e3 Ne4 8. Bxe7 Qxe7 9. Qc2 Nxc3 10. Qxc3 dxc4 11. Bxc4 b6 12. 0-0 Bb7 13. Be2 Rc8 14. Rac1 c5 15. dxc5 Rxc5 16. Qa3 Nd7 17. Rxc5 Nxc5 18. Rd1 Bd5 19. Nd2 Qb7 20. Bf3 a5 21. Rc1 Bxf3 22. Nxf3 Rd8 23. b4 Rd3 24. Qb2 Na4 25. Qb1 Rc3 26. bxa5 bxa5 27. Qa1 Qc7 28. Rxc3 Qxc3 29. Qe1 Qxe1+ 30. Nxe1 Nc3 31. a3 Kf8 32. Nc2 Ke7 33. Kf1 Kd6 34. Ke1 Kc5 35. Kd2 Ne4+ 36. Kd3 Nxf2+ 37. Kc3 a4 38. h3 Nd1+ 39. Kd2 Nb2 40. Kc3 Nc4 41. e4 Nd6 42. Kd3 Nb5 43. g3 g6 44. e5 Kd5 45. Ne3+ Kxe5 46. Ng4+ Kd5 47. Nxh6 f5 48. Ng8 Nxa3 49. Ne7+ Ke5 50. Nxg6+ Kf6 51. Nf4 Nb5 52. Kc4 a3 53. Kb3 e5 54. Ne2 Kg5 55. Nc1 e4 56. Kb4 e3 57. Kb3 f4 58. h4+ Kg4 59. gxf4 Kxh4 60. Ne2 Kg4 61. Ka2 Kf3 62. Nc1 Kxf4 63. Kb3 Kf3 64. Ka2 e2 65. Nxe2 Kxe2 66. Kb3 Kd2 67. Ka2 Kc2 68. Ka1 Kb3 69. Kb1 Nd4 0-1

[Event "Ribeirao Preto Recra Chess 1st"]
[Site "Ribeirao Preto"]
[Date "2015.10.24"]
[Round "3.4"]
[White "De Oliveira, Oseas Alves"]
[Black "De Assis, Fabio Nery"]
[Result "0-1"]
[WhiteElo "1476"]
[BlackElo "1730"]
[PlyCount "114"]
[EventDate "2015.10.24"]
[EventType "swiss"]
[EventRounds "5"]
[EventCountry "BRA"]
[SourceTitle "EXT 2022"]
[Source "ChessBase"]
[SourceDate "2021.10.06"]
[SourceVersion "1"]
[SourceVersionDate "2021.10.06"]
[SourceQuality "1"]

1. d4 Nf6 2. c4 g6 3. Nc3 d5 4. Bg5 Ne4 5. Bd2 Nxd2 6. Qxd2 dxc4 7. e3 Bg7 8. Bxc4 0-0 9. Nf3 c5 10. dxc5 Qc7 11. 0-0 Qxc5 12. Be2 Nc6 13. a3 Be6 14. Na4 Qd5 15. Qxd5 Bxd5 16. Rac1 b6 17. Nc3 Bb3 18. Nd2 Be6 19. Bf3 Rac8 20. Nd5 Bxd5 21. Bxd5 Ne5 22. Be4 Rxc1 23. Rxc1 Rd8 24. Nf3 Nd7 25. Rd1 Kf8 26. b3 e6 27. Bc6 Ke7 28. Rxd7+ Rxd7 29. Bxd7 Kxd7 30. Nd2 f5 31. Kf1 Kd6 32. Ke2 Kc5 33. Kd3 b5 34. e4 Bh6 35. Nb1 a5 36. f3 Bf4 37. g3 Bc7 38. Nc3 Be5 39. Nb1 g5 40. exf5 exf5 41. Nd2 h5 42. Nb1 h4 43. gxh4 gxh4 44. h3 Kd5 45. Nd2 Bf4 46. Nf1 Bc1 47. a4 bxa4 48. bxa4 Kc5 49. Kc3 Bf4 50. Kd3 Kb4 51. Ne3 Bxe3 52. Kxe3 Kxa4 53. Kf4 Kb3 54. Kxf5 a4 55. Kg5 a3 56. Kxh4 a2 57. Kg5 a1Q 0-1

[Event "Ribeirao Preto Recra Chess 1st"]
[Site "Ribeirao Preto"]
[Date "2015.10.24"]
[Round "2.10"]
[White "Nunes, Guilherme Sacardo T"]
[Black "De Oliveira, Oseas Alves"]
[Result "0-1"]
[WhiteElo "1800"]
[BlackElo "1476"]
[PlyCount "64"]
[EventDate "2015.10.24"]
[EventType "swiss"]
[EventRounds "5"]
[EventCountry "BRA"]
[SourceTitle "EXT 2022"]
[Source "ChessBase"]
[SourceDate "2021.10.06"]
[SourceVersion "1"]
[SourceVersionDate "2021.10.06"]
[SourceQuality "1"]

1. e4 c5 2. Nc3 Nc6 3. Nf3 g6 4. Bc4 Bg7 5. a3 a6 6. d3 e6 7. Bg5 Nge7 8. 0-0 0-0 9. h3 b5 10. Bb3 h6 11. Bh4 Bb7 12. a4 b4 13. Ne2 Bxb2 14. Ra2 Bg7 15. Qd2 Na5 16. d4 g5 17. Bg3 c4 18. Qxb4 cxb3 19. cxb3 Bxe4 20. Ne5 Nac6 21. Qa3 Nxe5 22. dxe5 Nc6 23. Qd6 Qb8 24. Qxd7 Rd8 25. Rd2 Rxd7 26. Rxd7 Qe8 27. Rdd1 Bxe5 28. Bxe5 Nxe5 29. Nc3 Bxg2 30. Rfe1 Nf3+ 31. Kxg2 Nxe1+ 32. Rxe1 Qc6+ 0-1

[Event "Ribeirao Preto Batatais op"]
[Site "Ribeirao Preto"]
[Date "2015.03.01"]
[Round "4"]
[White "De Oliveira, Oseas Alves"]
[Black "Rezende, Paulo Aparecido"]
[Result "1/2-1/2"]
[WhiteElo "1783"]
[BlackElo "1833"]
[PlyCount "34"]
[EventDate "2015.02.28"]
[EventType "swiss"]
[EventRounds "5"]
[EventCountry "BRA"]
[SourceTitle "CBM 165 Extra"]
[Source "ChessBase"]
[SourceDate "2015.04.21"]
[SourceVersion "1"]
[SourceVersionDate "2015.04.21"]
[SourceQuality "1"]

1. d4 Nf6 2. c4 e6 3. Nc3 d5 4. Bg5 Be7 5. e3 0-0 6. Nf3 b6 7. Be2 Ba6 8. cxd5 Bxe2 9. Qxe2 exd5 10. 0-0 h6 11. Bxf6 Bxf6 12. Rfd1 Re8 13. Qd3 c6 14. Rac1 Qe7 15. a3 Nd7 16. Nd2 Bg5 17. Nf3 Bf6 1/2-1/2